[Event "Kavala op 13th"]
[Site "Kavala"]
[Date "2004.08.02"]
[Round "4"]
[White "Makka, Ioulia"]
[Black "Gershon, Alik"]
[Result "0-1"]
[WhiteElo "2220"]
[BlackElo "2518"]
[PlyCount "66"]
[EventDate "2004.07.31"]
[EventType "swiss"]
[EventRounds "9"]
[EventCountry "GRE"]
[SourceTitle "CBM 101 Extra"]
[Source "ChessBase"]
[SourceDate "2004.09.01"]
[SourceVersion "2"]
[SourceVersionDate "2004.09.01"]
[SourceQuality "1"]

1. e4 c5 2. Nf3 Nc6 3. d4 cxd4 4. Nxd4 Nf6 5. Nc3 d6 6. g3 g6 7. Bg2 Nxd4 8. Qxd4 Bg7 9. a4 0-0 10. a5 Ng4 11. Qb4 Ne5 12. Nd5 Bg4 13. Qxb7 Nf3+ 14. Kf1 Bc8 15. Qb5 Bd7 16. Qd3 Ne5 17. Qe2 Rb8 18. Kg1 Bb5 19. Qe1 e6 20. Ne3 Bc6 21. f4 Nd7 22. Nc4 d5 23. exd5 Bxd5 24. Bxd5 exd5 25. Ne3 Re8 26. Qd2 d4 27. Ng4 Nc5 28. Nf2 d3 29. Nxd3 Bd4+ 30. Kf1 Qd5 31. Qg2 Qc4 32. Ra3 Nb3 33. Bd2 Qxc2 0-1